| 000 | 00428cam a2200181ua 4500 | ||
|---|---|---|---|
| 001 | 8955 | ||
| 008 | 150219n ii |||gr||||Z||||||asm | ||
| 040 | _cMAIN | ||
| 041 | _aasm | ||
| 082 | _a891.4513 | ||
| 100 |
_aDutta, K. Kr, _eAuthor. |
||
| 245 | 1 |
_aMadalar mat _cBy K. Kr. Dutta |
|
| 250 | _a1st. | ||
| 260 |
_aGuwahati: _bBani, _c1994. |
||
| 300 | _a75p. | ||
| 653 | _aEast Indo-European & Celtic literatures | ||
| 942 | _cBK | ||
| 999 |
_c8049 _d8049 |
||